Statistics for Every Goalscorer in the 2022 FIFA World Cup

Click here to take the quiz!

General Stats

  • This quiz has been taken 26 times
  • The average score is 40 of 114

Answer Stats

GoalsPlayerClubNation% Correct
8Kylian MbappéParis Saint-Germain (France)France
100%
7Lionel MessiParis Saint-Germain (France)Argentina
100%
4Olivier GiroudA.C Milan (Italy)France
100%
4Julian AlvarezManchester City (England)Argentina
96%
3Enner ValenciaFenerbahce (Turkey)Ecuador
88%
3Marcus RashfordManchester United (England)England
88%
3Cody GakpoP.S.V Eindhoven (Netherlands)Netherlands
83%
3Alvaro MorataAtletico Madrid (Spain)Spain
75%
3RicharlisonTottenham HotspursBrazil
75%
1GaviBarcelona (Spain)Spain
71%
2Harry KaneTottenham HotspursEngland
71%
3Goncalo RamosBenficaPortugal
67%
1Jude BellinghamBorussia Dortmund (Germany)England
67%
1Phil FodenManchester City (England)England
63%
2Ferran TorresBarcelona (Spain)Spain
58%
2Robert LewandowskiBarcelona (Spain)Poland
58%
2Andrej KramaricHoffenheim (Germany)Croatia
54%
1Angel Di MariaJuventus (Italy)Argentina
54%
1Christian PulisicChelsea (England)U.S.A
54%
1Hakim ZiyechChelsea (England)Morocco
54%
2Kai HavertzChelsea (England)Germany
54%
2Mohammed KudusAjax (Netherlands)Ghana
54%
2Aleksandar MitrovicFulham (England)Serbia
50%
1Alexis Mac AllisterBrighton & Hove Albion (England)Argentina
50%
1Cristiano RonaldoFree AgentPortugal
50%
1Dusan VlahovicJuventus (Italy)Serbia
50%
1Enzo FernándezBenfica (Portugal)Argentina
50%
1Gareth BaleL.A.F.C (U.S.A)Wales
50%
1Jack GrealishManchester City (England)England
50%
1Jordan HendersonLiverpool (England)England
50%
1NeymarParis Saint-Germain (France)Brazil
50%
2Niclas FullkrugWerder Bremen (Germany)Germany
50%
2Rafael LeaoA.C Milan (Italy)Portugal
50%
1Alphonso DaviesBayern Munich (Germany)Canada
46%
1Daniel OlmoRb Leipzig (Germany)Spain
46%
1Eric Choupo-MotingBayern Munich (Germany)Cameroon
46%
1Kalidou KoulibalyChelsea (England)Senegal
46%
2Mehdi TaremiPorto (Portugal)Iran
46%
1Raheem SterlingChelsea (England)England
46%
2Wout WeghorstBesiktas (Turkey) - Loan from Burnley (England)Netherlands
46%
2Youssef En-NesyriSevilla (Spain)Morocco
46%
1Adrien RabiotJuventus (Italy)France
42%
1Andreas ChristensenBarcelona (Spain)Denmark
42%
1Denzel DumfriesInter Milan (Italy)Netherlands
42%
1Frenkie de JongBarcelona (Spain)Netherlands
42%
1Ivan PerisicTottenham HotspursCroatia
42%
1Marcus AsensioReal Madrid (Spain)Spain
42%
1Boulaye DiaSalernitana (Italy)Senegal
38%
1Carlos SolerParis Saint-Germain (France)Spain
38%
1Nahuel MolinaAtlético Madrid (Spain)Argentina
38%
1Piotr ZielinskiNapoli (Italy)Poland
38%
2Ritsu DoanS.C Frieburg (Germany)Japan
38%
1Xherdan ShaqiriChicago Fire (U.S.A)Switzerland
38%
2Bree Donald EmboloMonaco (France)Switzerland
33%
1Ilkay GundoganManchester City (England)Germany
33%
2Salem Al-DawsariAl-Hilal (Saudi Arabia)Saudi Arabia
33%
1Sergej Milinkovic SavicLazio (Italy)Serbia
33%
1Theo HernandezA.C Milan (Italy)France
33%
1André AyewAl Sadd (Qatar)Ghana
29%
1Aurelien Djani TchouaméniReal Madrid (Spain)France
29%
1Ismaila SarrWatford (England)Senegal
29%
1Michy BatshuayiFenerbahce (Turkey)Belgium
29%
1Serge GnabryBayern Munich (Germany)Germany
29%
1Timothy WeahLille (France)U.S.A
29%
1Vincent AboubakarAL Nassr (Saudi Arabia)Cameroon
29%
1Daley BlindAjax (Netherlands)Netherlands
25%
1Hwang Hee-chanWolverhampton Wanderers (England)South Korea
25%
1Manuel AkanjiManchester City (England)Switzerland
25%
1PepePorto (Portugal)Portugal
25%
1Amir WrightAntalyaspor (Turkey)U.S.A
21%
2Daniel de ArrascaetaFlamengo (Brazil)Uruguay
21%
1Matthew LeckieMelbourne City (Australia)Australia
21%
1Memphis DepayBarcelona (Spain)Netherlands
21%
1Mitchell DukeFagiano Okayama (Japan)Australia
21%
1Moises CaicedoBrighton & Hove Albion (England)Ecuador
21%
1Randal Kolo MuaniEintracht Frankfurt (Germany)France
21%
1Ao TanakaFortuna Dusseldorf (Germany)Japan
17%
1Bamba DiengMarseille (France)Senegal
17%
1CasemiroManchester United (England)Brazil
17%
1Joao FelixAtletico Madrid (Spain)Portugal
17%
1Josko GvardiolRB Leipzig (Germany)Croatia
17%
1Lucas PaquetaWest Ham United (England)Brazil
17%
1Mohammed MuntariAl-Duhail (Qatar)Qatar
17%
1Mohammed SalisuSouthampton (England)Ghana
17%
1Raphael GuerreiroBorussia Dortmund (Germany)Portugal
17%
1Takuma AsanoVfL Bochum (Germany)Japan
17%
1Daizen MaedaCeltic (Scotland)Japan
13%
1Lovro MajerRennes (France)Croatia
13%
1Luis ChavezPachuca (Mexico)Mexico
13%
1Marko LivajaHajduk Split (Croatia)Croatia
13%
1Mislav OrsicDinamo Zagreb (Croatia)Croatia
13%
1Mohamed Al-ShehriAl-Hilal (Saudi Arabia)Saudi Arabia
13%
1Paik Seung-hoJeonbuk Hyundai Motors (South Korea)South Korea
13%
1Remo Marco FreulerNottingham Forest (England)Switzerland
13%
1Ricardo HortaBraga (Portgual)Portugal
13%
1Bruno PetkovicDinamo Zagreb (Croatia)Croatia
8%
1Davy KlaasenAjax (Netherlands)Netherlands
8%
1Henry MartinAmérica (Mexico)Mexico
8%
1Jean Charles CastellettoNantes (France)Cameroon
8%
1Romain SaissBesiktas (Turkey)Morocco
8%
1Wahbi KhazriMontpellier (France)Tunisia
8%
1Zakaria AboukhlalToulouse (France)Morocco
8%
1Achraf DariBrest (France)Morocco
4%
2Cho Gue-sungJeonbuk Hyundai MotorsSouth Korea
4%
1Keysher FullerSport Herediano (Costa Rica)Costa Rica
4%
1Osman BukariRed Star Belgrade (Serbia)Ghana
4%
1Strahinja PavlovicRed Bull Salzburg (Austria)Serbia
4%
3Bukayo SakoArsenal (England)England
0%
1Famara DiédhiouAlanyaspor (Turkey)Senegal
0%
1Juan Pablo VaragasMilionarios (Colombia)Costa Rica
0%
1Kim Young-gwonUlsan Hyundai (South Korea)South Korea
0%
1Ramin RezaeianSepahan (Iran)Iran
0%
1Rouzbeh CheshmiEsteghlal (Iran)Iran
0%
1Yeltsin Ignacio TejedaHerediano (Costa Rica)Costa Rica
0%

Score Distribution

Percentile by Number Answered

Percent of People with Each Score

Your Score History

You have not taken this quiz